The man who discovered quality : How W. Edwards Deming brought the quality revolution to America : the stories of Ford, Xerox, and GM
محفوظ في:
| المؤلف الرئيسي: | |
|---|---|
| التنسيق: | كتاب |
| اللغة: | Undetermined |
| منشور في: |
New York
Times Books
1990
|
| الموضوعات: | |
| الوسوم: |
إضافة وسم
لا توجد وسوم, كن أول من يضع وسما على هذه التسجيلة!
|
| Thư viện lưu trữ: | Trung tâm Học liệu Trường Đại học Cần Thơ |
|---|
| LEADER | 00617nam a2200205Ia 4500 | ||
|---|---|---|---|
| 001 | CTU_88573 | ||
| 008 | 210402s9999 xx 000 0 und d | ||
| 082 | |a 658.5 | ||
| 082 | |b G116 | ||
| 100 | |a Gabor, Andrea | ||
| 245 | 4 | |a The man who discovered quality : | |
| 245 | 0 | |b How W. Edwards Deming brought the quality revolution to America : the stories of Ford, Xerox, and GM | |
| 245 | 0 | |c Andrea Gabor | |
| 260 | |a New York | ||
| 260 | |b Times Books | ||
| 260 | |c 1990 | ||
| 650 | |a Quality control | ||
| 650 | |z United states. | ||
| 904 | |i Năm,Hải | ||
| 980 | |a Trung tâm Học liệu Trường Đại học Cần Thơ | ||